000 00257 a2200097 4500
001 53492
100 _aEmran Qureshi
245 _aThe New Crusades: Constructing the Muslim Enemy
260 _aKarachi
_bOxford University press
_c2003
090 _c33674
_d33674
942 _aNUST-CAE
_cM
_c26307
999 _c288565
_d288565